طب نبوی (Record no. 554041)

000 -LEADER
fixed length control field 00326nam a22001097a 4500
082 ## - DEWEY DECIMAL CLASSIFICATION NUMBER
Classification number 297JAW
Author Mark علامہ ابن قیم الجوزی
-- Masjid
245 ## - TITLE STATEMENT
Title طب نبوی
260 ## - PUBLICATION, DISTRIBUTION, ETC.
Place of publication, distribution, etc. Lahore
Name of publisher, distributor, etc. Al Nafees Publishers
Date of publication, distribution, etc. Oct 2010
300 ## - PHYSICAL DESCRIPTION
Extent 536
526 ## - STUDY PROGRAM INFORMATION NOTE
Program name 0
Interest level 0
Reading level 0
Title point value 297JAW_علامہ_ابن_قیم_الجوزی
942 ## - ADDED ENTRY ELEMENTS (KOHA)
Source of classification or shelving scheme
Koha item type Book
Holdings
Withdrawn status Lost status Source of classification or shelving scheme Damaged status Not for loan Permanent Location Current Location Date acquired Total Checkouts Full call number Barcode Date last seen Date last checked out Copy number Price effective from Koha item type
          Military College of Engineering (MCE) Military College of Engineering (MCE) 02/19/2018 1 297JAW علامہ ابن قیم الجوزی MCE-137M 03/12/2018 02/19/2018 1 02/19/2018 Book
© 2023 Central Library, National University of Sciences and Technology. All Rights Reserved.